书目信息 |
| 题名: |
环境噪声学
|
|
| 作者: | 张邦俊 , 翟国庆 编著 | |
| 分册: | ||
| 出版信息: | 杭州 浙江大学出版社 2001 |
|
| 页数: | 313页 | |
| 开本: | 21cm | |
| 丛书名: | ||
| 单 册: | ||
| 中图分类: | TB53 | |
| 科图分类: | ||
| 主题词: | 环境噪声 , 环境噪声--高等学校--教材 | |
| 电子资源: | ||
| ISBN: | 7-308-02809-7 | |
| 000 | 00986nam0 2200301 45 | |
| 001 | 0900000023456 | |
| 005 | 20051014110512.18 | |
| 010 | @a7-308-02809-7@dCNY15.00 | |
| 092 | @aCN | |
| 100 | @a20050222e20032001ekmy0chiy0120 ea | |
| 101 | 0 | @achi |
| 102 | @aCN@b330000 | |
| 105 | @aak az 000yy | |
| 200 | 1 | @a环境噪声学@9huan jing zao sheng xue@f张邦俊,翟国庆编著@Fzhang bang jun,zhai guo qing bian zhu |
| 205 | @a2版 | |
| 210 | @a杭州@c浙江大学出版社@d2001@h2003重印 | |
| 215 | @a313页@c图@d21cm | |
| 300 | @a高等学校试用教材 | |
| 320 | @a有书目 | |
| 330 | @a本书共10部分:绪论、志波的物理基础、环境噪声的评价、噪声测量技术、声环境影响预测、噪声控制技术概述、室内声场和吸声降噪、消声器、隔声技术、隔振及阴尼减振。 | |
| 606 | 0 | @a环境噪声 |
| 606 | 0 | @a环境噪声@x高等学校@x教材 |
| 690 | @aTB53@v4 | |
| 701 | 0 | @a张邦俊@Azhang bang jun@4编著 |
| 701 | 0 | @a翟国庆@Azhai guo qing@4编著 |
| 801 | 0 | @aCN@bTSSF@c20051014 |
| 905 | @a10447@dTB53@e82=2 | |
| 999 | @aAFJ@eJDD | |
| 环境噪声学/张邦俊,翟国庆编著.-2版.-杭州:浙江大学出版社,2001(2003重印) |
| 313页:图;21cm |
| 高等学校试用教材 |
| ISBN 7-308-02809-7:CNY15.00 |
| 本书共10部分:绪论、志波的物理基础、环境噪声的评价、噪声测量技术、声环境影响预测、噪声控制技术概述、室内声场和吸声降噪、消声器、隔声技术、隔振及阴尼减振。 |
| ● |
| 相关链接 |
|
|
|
|
正题名:环境噪声学
索取号:TB53/82=2
 
预约/预借
| 序号 | 登录号 | 条形码 | 馆藏地/架位号 | 状态 | 备注 |
| 1 | 0366870 | 3668702 | 第二样本阅览室/ [索取号:TB53/82=2] | 在馆 | |
| 2 | 0366871 | 3668711 | 第三借阅区/ [索取号:TB53/82=2] | 在馆 | |
| 3 | 0366872 | 3668720 | 第三借阅区/ [索取号:TB53/82=2] | 在馆 | |
| 4 | 0366873 | 3668739 | 第三借阅区/ [索取号:TB53/82=2] | 在馆 | |
| 5 | 0366874 | 3668748 | 第三借阅区/ [索取号:TB53/82=2] | 在馆 |